[Event "Basel Hilton op 13th"]
[Site "Basel"]
[Date "2011.01.04"]
[Round "5"]
[White "Gervasoni, Pietro"]
[Black "Suter, Stephan"]
[Result "1-0"]
[WhiteElo "1980"]
[BlackElo "2052"]
[PlyCount "59"]
[EventDate "2011.01.01"]
[EventType "swiss"]
[EventRounds "7"]
[EventCountry "SUI"]
[SourceTitle "EXT 2012"]
[Source "ChessBase"]
[SourceDate "2011.11.24"]
[SourceVersion "1"]
[SourceVersionDate "2011.11.24"]
[SourceQuality "1"]

1. e4 e6 2. d4 d5 3. e5 c5 4. c3 Ne7 5. Nf3 Nf5 6. g4 Nh4 7. Be3 Nxf3+ 8. Qxf3 Qb6 9. Qe2 Nc6 10. dxc5 Bxc5 11. Bxc5 Qxc5 12. Nd2 0-0 13. Nb3 Qb6 14. g5 a5 15. 0-0-0 Qc7 16. f4 a4 17. Nd4 Nxd4 18. Rxd4 a3 19. h4 axb2+ 20. Qxb2 Qa5 21. Rh2 Bd7 22. Rb4 Rfc8 23. Kb1 Bc6 24. Bd3 Qc5 25. Rd4 Ra3 26. Rc2 Ba4 27. Rc1 Rc6 28. Rb4 Qe3 29. Qxa3 Qxd3+ 30. Ka1 1-0

[Event "Basel Hilton op 13th"]
[Site "Basel"]
[Date "2011.01.04"]
[Round "6"]
[White "Suter, Stephan"]
[Black "Sand, Rolf"]
[Result "1/2-1/2"]
[WhiteElo "2052"]
[BlackElo "2033"]
[PlyCount "121"]
[EventDate "2011.01.01"]
[EventType "swiss"]
[EventRounds "7"]
[EventCountry "SUI"]
[SourceTitle "EXT 2012"]
[Source "ChessBase"]
[SourceDate "2011.11.24"]
[SourceVersion "1"]
[SourceVersionDate "2011.11.24"]
[SourceQuality "1"]

1. Nf3 c5 2. b3 Nc6 3. Bb2 d6 4. c4 e5 5. Nc3 g6 6. e3 Bg7 7. Be2 Nge7 8. 0-0 0-0 9. a3 h6 10. Qc2 Be6 11. Rfd1 d5 12. cxd5 Nxd5 13. Nxd5 Bxd5 14. d3 Rc8 15. Rac1 b6 16. Nd2 Qd7 17. Qb1 Rfe8 18. Bf3 Rcd8 19. Qc2 Rc8 20. Bxd5 Qxd5 21. Bc3 Rcd8 22. Nc4 Qd7 23. Qb2 Qf5 24. e4 Qe6 25. Ne3 h5 26. Nd5 Ne7 27. Nc7 Qd6 28. Nxe8 Rxe8 29. f4 Nc6 30. Rc2 Bh6 31. fxe5 Be3+ 32. Kh1 Nxe5 33. Bxe5 Rxe5 34. Qb1 h4 35. b4 cxb4 36. axb4 Rb5 37. Rc4 a5 38. Rf1 Rxb4 39. Rxb4 Qxb4 40. Qxb4 axb4 41. Rb1 Bc5 42. g4 h3 43. Rb3 Kg7 44. d4 Bxd4 45. Rxh3 Kf6 46. Kg2 Ke5 47. Rb3 Bc3 48. Kf3 Kd4 49. h4 Kd3 50. h5 gxh5 51. gxh5 Kc4 52. Rb1 Kd3 53. Rd1+ Kc2 54. Rd6 b3 55. Rxb6 b2 56. Kg4 Bg7 57. Kf5 b1Q 58. Rxb1 Kxb1 59. e5 Kc2 60. e6 fxe6+ 61. Kxe6 1/2-1/2

[Event "Basel Hilton op 13th"]
[Site "Basel"]
[Date "2011.01.01"]
[Round "1"]
[White "Suter, Stephan"]
[Black "Hamdouchi, Adina Maria"]
[Result "1/2-1/2"]
[WhiteElo "2052"]
[BlackElo "2293"]
[PlyCount "75"]
[EventDate "2011.01.01"]
[EventType "swiss"]
[EventRounds "7"]
[EventCountry "SUI"]
[SourceTitle "EXT 2012"]
[Source "ChessBase"]
[SourceDate "2011.11.24"]
[SourceVersion "1"]
[SourceVersionDate "2011.11.24"]
[SourceQuality "1"]

1. Nf3 g6 2. c4 Bg7 3. e4 d6 4. d4 Nf6 5. Nc3 0-0 6. Be2 Nbd7 7. 0-0 e5 8. Qc2 Nh5 9. Rd1 Nf4 10. Bf1 c5 11. dxe5 dxe5 12. Be3 Ne6 13. Nd5 Nd4 14. Nxd4 exd4 15. Bf4 Ne5 16. Rab1 f5 17. Bxe5 Bxe5 18. f4 Bg7 19. e5 Kh8 20. g3 g5 21. Bg2 gxf4 22. gxf4 Be6 23. Qf2 b5 24. b4 bxc4 25. bxc5 d3 26. Qd4 Qh4 27. Qxc4 Bxe5 28. Rxd3 Bxd5 29. Qxd5 Qxf4 30. Qxa8 Rxa8 31. Bxa8 Bd4+ 32. Kh1 Bxc5 33. Rbd1 Kg7 34. Rg3+ Kf6 35. Rf3 Qb8 36. Be4 f4 37. Rdf1 Bd6 38. Bxh7 1/2-1/2

[Event "Zuerich op-B 34th"]
[Site "Zuerich"]
[Date "2010.12.27"]
[Round "2"]
[White "Joncic, Dragan"]
[Black "Suter, Stephan"]
[Result "1-0"]
[WhiteElo "1847"]
[BlackElo "2021"]
[PlyCount "113"]
[EventDate "2010.12.26"]
[EventType "swiss"]
[EventRounds "7"]
[EventCountry "SUI"]
[SourceTitle "CBM 140 Extra"]
[Source "ChessBase"]
[SourceDate "2011.03.01"]
[SourceVersion "1"]
[SourceVersionDate "2011.03.01"]
[SourceQuality "1"]

1. e4 c5 2. b4 b6 3. bxc5 bxc5 4. Nc3 Nc6 5. Nf3 g6 6. Bb5 Nd4 7. Bc4 Bg7 8. 0-0 d6 9. Rb1 Bd7 10. Re1 Nh6 11. e5 0-0 12. exd6 exd6 13. Nxd4 Bxd4 14. Nd5 Bg4 15. Be2 Re8 16. d3 Bxe2 17. Rxe2 Ng4 18. Be3 Bxe3 19. Nxe3 Nxe3 20. Rxe3 Rxe3 21. fxe3 Qg5 22. Qf3 Re8 23. Kf2 Re6 24. Ke2 Rf6 25. Qg3 Qh5+ 26. Kd2 Qd5 27. c4 Qf5 28. Ke2 Kg7 29. h3 d5 30. Qf3 Qxf3+ 31. gxf3 dxc4 32. dxc4 Rb6 33. Rb5 Ra6 34. Rxc5 Rxa2+ 35. Kd3 Rh2 36. Ra5 Rxh3 37. Ke2 h5 38. Rxa7 g5 39. c5 g4 40. fxg4 hxg4 41. Ra4 Rh2+ 42. Kd3 f5 43. c6 g3 44. c7 Rh8 45. Ke2 Rh2+ 46. Kd3 Rh8 47. Ke2 Rh2+ 48. Kf3 Rc2 49. Ra7 Kf6 50. Kxg3 Ke5 51. Kf3 Rc5 52. Rb7 Rc4 53. Ra7 Rc5 54. Ra5 Rxa5 55. c8Q Rd5 56. Qe8+ Kf6 57. Kf4 1-0

[Event "Zuerich op-B 33rd"]
[Site "Zuerich"]
[Date "2009.12.30"]
[Round "7"]
[White "Wegelin, Reinhard"]
[Black "Suter, Stephan"]
[Result "1-0"]
[WhiteElo "1896"]
[BlackElo "2020"]
[PlyCount "49"]
[EventDate "2009.12.26"]
[EventType "swiss"]
[EventRounds "7"]
[EventCountry "SUI"]
[SourceTitle "EXT 2019"]
[Source "ChessBase"]
[SourceDate "2018.10.10"]
[SourceVersion "1"]
[SourceVersionDate "2018.10.10"]
[SourceQuality "1"]

1. d4 Nf6 2. f3 d5 3. e4 e6 4. Be3 b6 5. Nc3 Ba6 6. Bxa6 Nxa6 7. Qe2 Nb8 8. Nh3 Be7 9. 0-0 0-0 10. Rad1 c6 11. Bg5 Nbd7 12. e5 Ne8 13. f4 Bxg5 14. Nxg5 h6 15. Qh5 hxg5 16. fxg5 g6 17. Qh6 Nxe5 18. dxe5 Qc7 19. Rde1 b5 20. Rf3 Ng7 21. g4 Qb6+ 22. Kh1 Rfd8 23. Rh3 Nh5 24. gxh5 Qf2 25. Rg1 1-0

[Event "SUI-chB"]
[Site "Basel"]
[Date "2004.??.??"]
[Round "?"]
[White "Suter, Stephan"]
[Black "Bojic, Zoran"]
[Result "1-0"]
[WhiteElo "2095"]
[BlackElo "2145"]
[PlyCount "85"]
[EventDate "2004.??.??"]
[EventType "tourn"]
[EventRounds "7"]
[EventCountry "SUI"]
[SourceTitle "EXT 2010"]
[Source "ChessBase"]
[SourceDate "2010.11.25"]
[SourceVersion "1"]
[SourceVersionDate "2010.11.25"]
[SourceQuality "1"]

1. Nf3 Nf6 2. c4 c5 3. b3 b6 4. Bb2 Bb7 5. e3 e6 6. Be2 Be7 7. 0-0 d6 8. d3 Nbd7 9. Nbd2 Qc7 10. a3 a6 11. b4 0-0 12. Qb3 cxb4 13. axb4 Rfc8 14. Rfc1 Qd8 15. Nd4 Ne5 16. N2f3 Ng6 17. b5 a5 18. Nd2 Ne5 19. Qd1 d5 20. Nxe6 Qd6 21. Nd4 Bd8 22. cxd5 Qxd5 23. N2f3 Bc7 24. Rc2 Bd6 25. e4 Nxf3+ 26. Bxf3 Qe5 27. g3 Rxc2 28. Qxc2 Rc8 29. Qb3 Qe8 30. e5 Bxf3 31. Nxf3 Ng4 32. h3 Bb4 33. hxg4 Qxb5 34. g5 Rd8 35. d4 Qe2 36. Ba3 Bxa3 37. Qxa3 Rc8 38. Rc1 Rxc1+ 39. Qxc1 g6 40. Kg2 a4 41. d5 Qd3 42. d6 a3 43. Qd2 1-0

[Event "SUI-ch 103rd"]
[Site "Silvaplana"]
[Date "2003.07.15"]
[Round "6"]
[White "Hugentobler, Patrick"]
[Black "Suter, Stephan"]
[Result "1/2-1/2"]
[WhiteElo "2272"]
[BlackElo "2088"]
[PlyCount "48"]
[EventDate "2003.07.10"]
[EventType "swiss"]
[EventRounds "9"]
[EventCountry "SUI"]
[SourceTitle "CBM 095 Extra"]
[Source "ChessBase"]
[SourceDate "2003.09.04"]
[SourceVersion "1"]
[SourceVersionDate "2003.09.04"]
[SourceQuality "1"]

1. e4 e6 2. d4 d5 3. Nc3 Bb4 4. e5 Qd7 5. a3 Bxc3+ 6. bxc3 b6 7. Qg4 f5 8. Qg3 Ba6 9. Bxa6 Nxa6 10. Ne2 Rc8 11. Qd3 Qa4 12. 0-0 Ne7 13. Nf4 Kd7 14. Nh5 Rhg8 15. Bg5 c5 16. Bxe7 Kxe7 17. Rfc1 Nb8 18. Rab1 Nd7 19. Qd2 h6 20. Nf4 cxd4 21. cxd4 Rc4 22. c3 Rgc8 23. Ne2 R8c7 24. Qb2 Qc6 1/2-1/2

[Event "Oberliga Baden 0203"]
[Site "Germany"]
[Date "2002.10.20"]
[Round "1.7"]
[White "Rehm, Bernard"]
[Black "Suter, Stephan"]
[Result "1/2-1/2"]
[WhiteElo "2134"]
[BlackElo "2086"]
[PlyCount "41"]
[EventDate "2002.10.20"]
[EventType "team-tourn"]
[EventRounds "9"]
[EventCountry "GER"]
[SourceTitle "EXT 2018"]
[Source "ChessBase"]
[SourceDate "2017.10.13"]
[SourceVersion "1"]
[SourceVersionDate "2017.10.13"]
[SourceQuality "1"]
[WhiteTeam "Freiburg"]
[BlackTeam "Dreisamtal"]
[WhiteTeamCountry "GER"]
[BlackTeamCountry "GER"]

1. Nf3 c5 2. c4 Nc6 3. g3 g6 4. Bg2 Bg7 5. Nc3 e5 6. d3 Nge7 7. 0-0 0-0 8. a3 d6 9. Rb1 a5 10. Ne1 Be6 11. Nc2 d5 12. cxd5 Nxd5 13. Ne4 b6 14. Ng5 Bc8 15. Bd2 a4 16. Ne3 Nde7 17. Ne4 Be6 18. Nc4 Bd5 19. Nc3 Bxg2 20. Kxg2 Nd4 21. Be3 1/2-1/2

[Event "SUI-ch op"]
[Site "Leukerbad"]
[Date "2002.07.16"]
[Round "6"]
[White "Suter, Stephan"]
[Black "Ionica, Iulia Ionela"]
[Result "1/2-1/2"]
[WhiteElo "2083"]
[BlackElo "2219"]
[PlyCount "91"]
[EventDate "2002.07.11"]
[EventType "swiss"]
[EventRounds "9"]
[EventCountry "SUI"]
[SourceTitle "CBM 089 Extra"]
[Source "ChessBase"]
[SourceDate "2002.09.10"]
[SourceVersion "2"]
[SourceVersionDate "2002.09.10"]
[SourceQuality "1"]

1. d4 d6 2. Nf3 Bg4 3. e3 Nf6 4. c4 Nbd7 5. Nc3 c6 6. Be2 g6 7. 0-0 Bg7 8. b4 0-0 9. b5 cxb5 10. Nxb5 a6 11. Nc3 Rc8 12. Qb3 Qc7 13. Bd2 Nb6 14. Rab1 Nxc4 15. Bxc4 Qxc4 16. Qxc4 Rxc4 17. Rxb7 Rfc8 18. h3 Bd7 19. Nd5 Nxd5 20. Rxd7 Rc2 21. a4 Bf8 22. Rb1 Nf6 23. Ra7 Ne4 24. Be1 f5 25. Rxa6 Ra2 26. a5 Rcc2 27. Ra8 Kf7 28. a6 Bh6 29. a7 Nxf2 30. Rh8 Nxh3+ 31. gxh3 Bxe3+ 32. Kf1 Rxa7 33. Rxh7+ Kg8 34. Rh4 Raa2 35. Rb3 Rf2+ 36. Bxf2 Rxf2+ 37. Ke1 Rxf3 38. Ke2 Bg5 39. Kxf3 Bxh4 40. d5 Kf7 41. Re3 Bf6 42. Kf4 Kg7 43. Ra3 Be5+ 44. Kg5 Bf6+ 45. Kf4 Be5+ 46. Kg5 1/2-1/2

[Event "Biel MTO op"]
[Site "Biel"]
[Date "2000.07.28"]
[Round "5"]
[White "Suter, Stephan"]
[Black "Weiland, Guenter"]
[Result "1/2-1/2"]
[WhiteElo "2077"]
[BlackElo "2095"]
[PlyCount "137"]
[EventDate "2000.07.24"]
[EventType "swiss"]
[EventRounds "11"]
[EventCountry "SUI"]
[SourceTitle "CBM 077 Extra"]
[Source "ChessBase"]
[SourceDate "2000.09.14"]
[SourceVersion "1"]
[SourceVersionDate "2000.09.14"]
[SourceQuality "1"]

1. c4 g6 2. Nc3 Bg7 3. g3 c5 4. Bg2 Nc6 5. e4 d6 6. Nge2 Nf6 7. 0-0 0-0 8. d3 a6 9. h3 Rb8 10. a4 Bd7 11. Be3 b6 12. Qd2 Na5 13. Ra3 Bc6 14. f4 Nd7 15. f5 Ne5 16. g4 Nexc4 17. dxc4 Nxc4 18. Qc1 Nxa3 19. bxa3 Qd7 20. Bh6 Bxa4 21. Bxg7 Kxg7 22. f6+ exf6 23. Nd5 Qe6 24. Nxf6 Qe5 25. g5 Kh8 26. Ng4 Qg7 27. Nf6 Bb5 28. Rf2 Bxe2 29. Rxe2 Rfd8 30. Rd2 b5 31. Qd1 Qf8 32. Bf1 Qe7 33. Rd5 b4 34. Qa1 bxa3 35. Ng4+ Rb2 36. Qxa3 Rb4 37. Qc3+ f6 38. Nxf6 Rd4 39. Rxd4 cxd4 40. Qxd4 Qe5 41. Qxe5 dxe5 42. Bxa6 h6 43. h4 Kg7 44. Kf2 Rd2+ 45. Be2 Ra2 46. Ng4 hxg5 47. hxg5 Ra5 48. Bc4 Rc5 49. Ne3 Rc8 50. Bd5 Rh8 51. Ng4 Rh5 52. Nxe5 Rxg5 53. Nf3 Rh5 54. Kg3 Kf6 55. Kf4 Ke7 56. e5 Rf5+ 57. Ke4 Rh5 58. Bc4 Rh1 59. Kf4 Rh5 60. Bd3 Kf7 61. Ng5+ Kg7 62. Kg4 Rh2 63. Bc4 Rf2 64. Ne6+ Kh6 65. Nf4 g5 66. Ne2 Kg6 67. Bd3+ Kf7 68. Bc4+ Kg6 69. Bd3+ 1/2-1/2

[Event "Biel MTO op"]
[Site "Biel"]
[Date "2000.07.26"]
[Round "3"]
[White "Suter, Stephan"]
[Black "Tillmann, Marc"]
[Result "0-1"]
[WhiteElo "2077"]
[BlackElo "2134"]
[PlyCount "54"]
[EventDate "2000.07.24"]
[EventType "swiss"]
[EventRounds "11"]
[EventCountry "SUI"]
[SourceTitle "CBM 077 Extra"]
[Source "ChessBase"]
[SourceDate "2000.09.14"]
[SourceVersion "1"]
[SourceVersionDate "2000.09.14"]
[SourceQuality "1"]

1. c4 Nf6 2. Nc3 d6 3. d4 g6 4. e4 Bg7 5. Nf3 0-0 6. Be2 e5 7. 0-0 Nc6 8. d5 Ne7 9. Ne1 Nd7 10. Be3 f5 11. f3 f4 12. Bf2 g5 13. a4 Ng6 14. a5 Rf7 15. Nb5 Nf6 16. Nxa7 g4 17. Nxc8 g3 18. hxg3 fxg3 19. Bxg3 Nh5 20. Bf2 Ngf4 21. Na7 Qg5 22. Kh2 Rf6 23. Rh1 Ng3 24. Bxg3 Rh6+ 25. Kg1 Qxg3 26. Nb5 Rf8 27. Bf1 Rff6 0-1

[Event "Biel MTO op"]
[Site "Biel"]
[Date "2000.07.24"]
[Round "1"]
[White "Suter, Stephan"]
[Black "Ravi, Thandalam Shanmugam"]
[Result "0-1"]
[WhiteElo "2077"]
[BlackElo "2385"]
[PlyCount "38"]
[EventDate "2000.07.24"]
[EventType "swiss"]
[EventRounds "11"]
[EventCountry "SUI"]
[SourceTitle "CBM 077 Extra"]
[Source "ChessBase"]
[SourceDate "2000.09.14"]
[SourceVersion "1"]
[SourceVersionDate "2000.09.14"]
[SourceQuality "1"]

1. c4 c5 2. g3 Nf6 3. Bg2 d5 4. cxd5 Nxd5 5. Nc3 Nc7 6. d3 e5 7. Be3 Ne6 8. Nf3 Nc6 9. 0-0 Rb8 10. Qa4 Bd7 11. Rfc1 Ncd4 12. Qd1 f6 13. a3 Bc6 14. Ne1 Bxg2 15. Nxg2 Qd7 16. b4 cxb4 17. axb4 Bxb4 18. Rxa7 Bxc3 19. Rxc3 Nb5 0-1

[Event "Lenk op"]
[Site "Lenk"]
[Date "1999.??.??"]
[Round "1"]
[White "Mikhalchishin, Adrian"]
[Black "Suter, Stephan"]
[Result "1-0"]
[WhiteElo "2542"]
[BlackElo "2059"]
[PlyCount "37"]
[EventDate "1999.03.31"]
[EventType "swiss"]
[EventRounds "9"]
[EventCountry "SUI"]
[SourceTitle "EXT 2000"]
[Source "ChessBase"]
[SourceDate "1999.11.16"]
[SourceVersion "1"]
[SourceVersionDate "1999.11.16"]
[SourceQuality "1"]

1. Nf3 g6 2. d4 Nf6 3. g3 Bg7 4. Bg2 0-0 5. 0-0 d6 6. a4 Nbd7 7. Nc3 a5 8. e4 e5 9. Re1 Re8 10. b3 c6 11. Ba3 Bf8 12. Qd2 Qc7 13. Rad1 Ng4 14. h3 Bh6 15. Qd3 Ngf6 16. Nd2 Nb6 17. dxe5 dxe5 18. Bd6 Qd8 19. Nf3 1-0

[Event "SUI-ch"]
[Site "Graechen"]
[Date "1999.??.??"]
[Round "4"]
[White "Suter, Stephan"]
[Black "Willin, Bernhard"]
[Result "0-1"]
[WhiteElo "2050"]
[BlackElo "1890"]
[PlyCount "66"]
[EventDate "1999.07.??"]
[EventType "swiss"]
[EventRounds "9"]
[EventCountry "SUI"]
[SourceTitle "EXT 2002"]
[Source "ChessBase"]
[SourceDate "2001.11.25"]
[SourceVersion "1"]
[SourceVersionDate "2001.11.25"]
[SourceQuality "1"]

1. d4 d5 2. c4 e6 3. Nf3 c6 4. Qc2 Be7 5. g3 Nf6 6. Bg2 0-0 7. 0-0 Nbd7 8. Nbd2 b6 9. b3 Bb7 10. Bb2 c5 11. Rfe1 Rc8 12. dxc5 Bxc5 13. Nd4 Qc7 14. e4 dxc4 15. bxc4 Rfd8 16. N4b3 Bf8 17. a4 Ne5 18. Bf1 Bb4 19. Bc3 Bxc3 20. Qxc3 Qd6 21. Rad1 Qb8 22. f4 Neg4 23. h3 Nh6 24. Qe3 Nd7 25. a5 Qc7 26. axb6 axb6 27. Rb1 e5 28. f5 Qc6 29. g4 f6 30. c5 Nxc5 31. Bc4+ Kf8 32. Bd5 Rxd5 33. exd5 Qxd5 0-1

[Event "Bern op"]
[Site "Bern"]
[Date "1996.??.??"]
[Round "2"]
[White "Lagunow, Alexander"]
[Black "Suter, Stephan"]
[Result "1-0"]
[WhiteElo "2420"]
[BlackElo "2120"]
[PlyCount "48"]
[EventDate "1996.02.??"]
[EventType "swiss"]
[EventRounds "9"]
[EventCountry "SUI"]
[SourceTitle "CBM 051 Extra"]
[Source "ChessBase"]
[SourceDate "1996.05.01"]
[SourceVersion "1"]
[SourceVersionDate "1996.05.01"]
[SourceQuality "1"]

1. e4 c5 2. Nf3 Nc6 3. c3 Nf6 4. e5 Nd5 5. d4 cxd4 6. Bc4 Nb6 7. Bb3 d5 8. exd6 Qxd6 9. 0-0 Bf5 10. Nxd4 Nxd4 11. cxd4 e6 12. Nc3 a6 13. Qf3 Qd7 14. Be3 Rd8 15. d5 Nxd5 16. Rad1 Bd6 17. Nxd5 exd5 18. Bb6 0-0 19. Qxd5 Be6 20. Qd4 Bxb3 21. axb3 Qb5 22. Bxd8 Rxd8 23. Qc4 Qe5 24. g3 Re8 1-0